| 000 | 01210cam a2200217 4500 | ||
|---|---|---|---|
| 001 | WB3926-01 | ||
| 008 | 030710n2003 000 0 eng u | ||
| 035 | _a(Sirsi) u122970 | ||
| 245 | _aQuality standard for new developments | ||
| 260 | _c2003 | ||
| 490 |
_aCABE Press Release _v8 July 2003 (3) |
||
| 520 | _aThe Building for Life Standard, a new housing design quality standard backed by government and the housing industry, has been launched. The standard will help buyers identify the highest quality new housing projects and rewards house builders who strive to achieve design excellence. Schemes are assessed against criteria such as good place making, parking and pedestrianisation, design and construction and their environmental impact. Further details about the standard and early recipient schemes are at http://www.buildingforlife.org. http://www.cabe.org.uk/0amCP1e874H=sKRT8hWoCdw/news/press/press_release.html?press_release_id=241 | ||
| 590 | _aWB | ||
| 650 | _aBUILDING FOR LIFE STANDARD | ||
| 650 | _aNEW DEVELOPMENTS | ||
| 650 | _aQUALITY STANDARDS | ||
| 650 | _aHOUSING DESIGN | ||
| 650 | _aHOUSING DEVELOPMENTS | ||
| 690 | _aBUILT ENVIRONMENT-CONSTRUCTION DESIGN | ||
| 942 | _n0 | ||
| 999 |
_c73021 _d73021 |
||